000 00488nam a2200181Ia 4500
005 20250508152554.0
008 008 250505s9999 xx 000 0 eng d
037 _aTextual
040 _aFEDL
_beng
_cFEDL
041 _aeng
_2eng
084 _a750.9, REA
_qFEDL
100 _aRead Herbert
245 0 _aConcise hitory of modern painting
260 _aLondon, UK
_bThames and Hudson
_c1959
300 _a376p.
942 _cTEXL
_h750.9, REA
999 _c1337329
_d1337329